Kříž u potoka /
Kříž u potoka je román Karolíny Světlé z roku 1868. Patří mezi pět románů, které vznikly od poloviny 60. let 19. století a v nichž Světlá zachytila obraz krajiny a lidí v Podještědí, kam se uchýlila po smrti jediné dcerky. V tvorbě Světlé se mísí starší romantická tradice s postupy literárního reali...
Uloženo v:
| Hlavní autor: | |
|---|---|
| Médium: | E-kniha |
| Jazyk: | Czech |
| Vydáno: |
Praha :
Artis,
2023
|
| Tagy: |
Žádné tagy |
| LEADER | 01729nam a22002297i 4500 | ||
|---|---|---|---|
| 001 | 312133 | ||
| 007 | ta | ||
| 008 | 260601s2023 xr ||||| |||| 00| 0 cze d | ||
| 020 | |a 9990003885456 | ||
| 044 | |a xr | ||
| 100 | 1 | |a Světlá, Karolina |4 aut | |
| 245 | 1 | 0 | |a Kříž u potoka / |c Světlá, Karolina |
| 264 | 1 | |a Praha : |b Artis, |c 2023 | |
| 300 | |a 1 online zdroj (226 stran) | ||
| 336 | |a text |b txt |2 rdacontent | ||
| 337 | |a bez média |b n |2 rdamedia | ||
| 338 | |a online zdroj |b cr |2 rdacarrier | ||
| 520 | 2 | |a Kříž u potoka je román Karolíny Světlé z roku 1868. Patří mezi pět románů, které vznikly od poloviny 60. let 19. století a v nichž Světlá zachytila obraz krajiny a lidí v Podještědí, kam se uchýlila po smrti jediné dcerky. V tvorbě Světlé se mísí starší romantická tradice s postupy literárního realismu. Světlá se v tomto románu nechala inspirovat reálnou předlohou: děj i postavy vytvářela na základě vypravování ještědských známých a místa popsala podle skutečných míst, které objevila během svých procházek krajem. Hlavní hrdinkou je Eva, která odmítá lásku muže, který ji miloval, a snaží se napravit svého sobeckého manžela. Což se jí také podaří – muž prací v obecní samosprávě zlomí rodové prokletí a dostane se mu všeobecného uznání. | |
| 910 | |a RBIT002 | ||
| 998 | |d 388545 |a https://core.palmknihy.cz/api/books/388545/cover?s2b0q2 |b https://core.palmknihy.cz/api/books/388545/cover/400?s2b0q2 |c https://core.palmknihy.cz/api/books/388545/cover/50?s2b0q2 |e 2099-12-01 |g 226 |i 9990003885456 |j https://core.palmknihy.cz/api/books/388545/preview.epub |l |q 49 |r 1 |s https://www.palmknihy.cz/kniha/388545 |t ebook |y 2023 |z 1 | ||
| 999 | |d 312131 | ||